Top 15 Most Visited Turkish Cities - Statistics

General Stats
  • This quiz has been taken 81 times
  • The average score is 10 of 15
Answer Stats
Visitors City % Correct
15 M İstanbul
100%
1.5 M Ankara
95%
13 M Antalya
94%
3.5 M İzmir
92%
0.8 M Bursa
74%
0.65 M Adana
71%
0.6 M Gaziantep
71%
1 M Trabzon
71%
0.7 M Konya
64%
1 M Çanakkale
47%
2.5 M Muğla
43%
0.9 M Balıkesir
39%
0.75 M Aydın
31%
4 M Nevşehir
31%
2 M Denizli
30%
No matching quizzes found
Score Distribution
Percent of People with Each Score
Percentile by Number Answered
Your Score History
You have not taken this quiz